000 01065nam a22002417a 4500
005 20240530110523.0
008 160222s2012 ua adk g b 000 0 ara d
017 _a2011/15215
_bمصر . دار الكتب المصرية
020 _a9789773504150
040 _aEG-CaGPL
082 0 4 _221
_a690.84\
_bز م
100 0 _4زكى محمد محمد حسن
245 1 2 _aالمنشات الرياضية :
_bالاسس الفلسفية - المبادئ العامة - التخطيط التقويم - المدرب و المنشاة الرياضية الارجونومكس و المنشاة الرياضية /
_cزكى محمد محمد حسن
250 _aط1
260 _aالقاهرة :
_bدار الكتاب الحديث ،
_c2012 .
300 _a352 ص :
_bايض ؛
_c24 سم .
504 _aيشتمل على ارجاعات ببليوجرافية
650 0 4 _aالتربية البدنية
650 0 4 _aالنوادى ، مبانى
650 0 4 _aالمنشات الرياضية
942 _2ddc
_cBK
999 _c61928
_d61928